Actors That Have Worked with Tom Hanks - Statistics

General Stats
  • This quiz has been taken 62 times
    58 since last reset
  • The average score is 15 of 73
Answer Stats
Movies Actor % Correct
Road to Perdition Leonardo DiCaprio
95%
Philadelphia Denzel Washington
81%
Cars, Toy Story Tim Allen
78%
Apollo 13 Kevin Bacon
73%
Saving Private Ryan Matt Damon
73%
Charlie Wilson's War, Larry Crowne Julia Roberts
65%
Apollo 13, Forrest Gump, The Green Mile Gary Sinise
62%
Splash Daryl Hannah
59%
The Post Meryl Streep
59%
Apollo 13 Ed Harris
51%
A League of Their Own Madonna
51%
Saving Mr. Banks Emma Thompson
49%
The Green Mile Michael Clarke Duncan
49%
Apollo 13, The Circle Bill Paxton
46%
Inferno Felicity Jones
43%
Cars Owen Wilson
38%
Catch Me If You Can Christopher Walken
35%
Dragnet Dan Aykroyd
35%
The Circle Emma Watson
35%
Catch Me If You Can, Charlie Wilson's War Amy Adams
32%
Cloud Atlas Halle Berry
30%
Splash, Volunteers John Candy
30%
Road to Perdition, The Terminal Stanley Tucci
30%
Angels and Demons Ewan McGregor
27%
Philadelphia Antonio Banderas
24%
Toy Story 2 Joan Cusack
24%
The Da Vinci Code Ian McKellen
19%
Cars, Toy Story 3 Michael Keaton
19%
Sully Aaron Eckhart
16%
Cars Larry the Cable Guy
16%
Catch Me If You Can Martin Sheen
16%
Charlie Wilson's War Philip Seymour Hoffman
16%
Charlie Wilson's War Emily Blunt
14%
Toy Story 4 Keanu Reeves
14%
The Green Mile Sam Rockwell
14%
A Beautiful Day in the Neighborhood Chris Cooper
11%
Dragnet Christopher Plummer
11%
Road to Perdition Daniel Craig
11%
The Terminal Zoe Saldana
11%
Road to Perdition Jude Law
8%
The Da Vinci Code Paul Bettany
8%
Sully Anna Gunn
5%
Toy Story 4 Betty White
5%
The Post Bob Odenkirk
5%
The Man With One Red Shoe Carrie Fisher
5%
That Thing You Do! Charlize Theron
5%
The Terminal Diego Luna
5%
Ladykillers J. K. Simmons
5%
Punchline John Goodman
5%
Forrest Gump Kurt Russell
5%
Larry Crowne, Saving Private Ryan Bryan Cranston
3%
Larry Crowne Cedric the Entertainer
3%
Catch Me If You Can Elizabeth Banks
3%
Saving Mr. Banks Jason Schwartzman
3%
Elvis Has Left the Building Kim Basinger
3%
Larry Crowne Pam Grier
3%
Larry Crowne Randall Park
3%
Angels and Demons Stellan Skarsgard
3%
The Post Alison Brie
0%
Toy Story 4 Carl Weathers
0%
The Polar Express Daryl Sabara
0%
You've Got Mail Dave Chapelle
0%
The Post David Cross
0%
Cars George Carlin
0%
Cloud Atlas Hugo Weaving
0%
Inferno Irrfan Khan
0%
Road to Perdition Jennifer Jason Leigh
0%
The Post Jesse Plemons
0%
Toy Story 4 Jordan Peele
0%
The Circle Karen Gillan
0%
The Circle Patton Oswalt
0%
Larry Crowne Rami Malek
0%
Elvis Has Left the Building Sean Astin
0%
No matching quizzes found
Score Distribution
Percent of People with Each Score
Percentile by Number Answered
Your Score History
You have not taken this quiz since the last reset